TNA / Impact Wrestling - Kurt Angle's PPV Opponents - Statistics

General Stats
  • This quiz has been taken 219 times
  • The average score is 93 of 118
Answer Stats
Year Event Match Type Answer % Correct
2007 Lockdown 5 vs. 5 Lethal Lockdown Match AJ Styles
99%
2007 Slammiversary King of the Mountain Match AJ Styles
99%
2008 Slammiversary AJ Styles
99%
2008 Victory Road 6-Man Tag Team Full Metal Mayhem Match AJ Styles
99%
2008 Hard Justice Last Man Standing Match AJ Styles
99%
2009 Lockdown 4 vs. 4 Lethal Lockdown Match AJ Styles
99%
2009 Slammiversary King of the Mountain Match AJ Styles
99%
2009 No Surrender 5-Way Match AJ Styles
99%
2010 Genesis AJ Styles
99%
2012 Sacrifice AJ Styles
99%
2012 Hardcore Justice 4-Way Ladder Match AJ Styles
99%
2013 Slammiversary AJ Styles
99%
2006 Genesis Samoa Joe
96%
2006 Turning Point Samoa Joe
96%
2007 Final Resolution 30-Minute Iron Man Match Samoa Joe
96%
2007 Slammiversary King of the Mountain Match Samoa Joe
96%
2007 Hard Justice All 4 Championships on the Line Samoa Joe
96%
2007 Turning Point 6-Man Tag Team Match Samoa Joe
96%
2008 Destination X 6-Man Tag Team Match Samoa Joe
96%
2008 Lockdown Samoa Joe
96%
2008 No Surrender Triple Threat Match Samoa Joe
96%
2009 Lockdown 4 vs. 4 Lethal Lockdown Match Samoa Joe
96%
2009 Slammiversary King of the Mountain Match Samoa Joe
96%
2012 Destination X Samoa Joe
96%
2012 Hardcore Justice 4-Way Ladder Match Samoa Joe
96%
2007 Sacrifice Triple Threat Match Sting
95%
2007 Bound for Glory Sting
95%
2007 Genesis Tag for the Title Match Sting
95%
2009 Against All Odds Fatal 4-Way Match Sting
95%
2009 Destination X Sting
95%
2009 Sacrifice 4-Way Ultimate Sacrifice Match Sting
95%
2009 Hard Justice Triple Threat Match Sting
95%
2009 No Surrender 5-Way Match Sting
95%
2011 Hardcore Justice Sting
95%
2011 No Surrender Sting
95%
2007 Victory Road 4 Championships on the Line Tag Team Match Brother Ray
90%
2009 Against All Odds Fatal 4-Way Match Brother Ray
90%
2007 Against All Odds Christian Cage
90%
2007 Lockdown 5 vs. 5 Lethal Lockdown Match Christian Cage
90%
2007 Sacrifice Triple Threat Match Christian Cage
90%
2007 Slammiversary King of the Mountain Match Christian Cage
90%
2008 Final Resolution Christian Cage
90%
2008 Against All Odds Christian Cage
90%
2008 Destination X 6-Man Tag Team Match Christian Cage
90%
2008 Victory Road 6-Man Tag Team Full Metal Mayhem Match Christian Cage
90%
2008 No Surrender Triple Threat Match Christian Cage
90%
2008 Bound for Glory Jeff Jarrett
85%
2009 Genesis No DQ Match Jeff Jarrett
85%
2009 Lockdown 4 vs. 4 Lethal Lockdown Match Jeff Jarrett
85%
2009 Sacrifice 4-Way Ultimate Sacrifice Match Jeff Jarrett
85%
2009 Slammiversary King of the Mountain Match Jeff Jarrett
85%
2011 Genesis Double J MMA Exhibition Match Jeff Jarrett
85%
2011 Against All Odds Jeff Jarrett
85%
2011 Lockdown Ultra Male Rules Match Jeff Jarrett
85%
2011 Sacrifice Mixed Tag Team Match Jeff Jarrett
85%
2011 Slammiversary Jeff Jarrett
85%
2010 No Surrender Jeff Hardy
84%
2010 Bound for Glory Triple Threat Match Jeff Hardy
84%
2012 Victory Road Jeff Hardy
84%
2012 Lockdown Jeff Hardy
84%
2011 Bound for Glory Bobby Roode
82%
2013 Bound for Glory Bobby Roode
82%
2007 Lockdown 5 vs. 5 Lethal Lockdown Match Abyss
81%
2007 No Surrender 3rd Match of the Night Abyss
81%
2008 Turning Point Falls Count Anywhere Match Abyss
81%
2007 Genesis Tag for the Title Match Booker T
80%
2007 Turning Point 6-Man Tag Team Match Kevin Nash
80%
2008 Destination X 6-Man Tag Team Match Kevin Nash
80%
2009 Lockdown 4 vs. 4 Lethal Lockdown Match Christopher Daniels
79%
2012 Slammiversary Tag Team Match Christopher Daniels
79%
2012 Hardcore Justice 4-Way Ladder Match Christopher Daniels
79%
2012 No Surrender Tag Team Match Christopher Daniels
79%
2012 Bound for Glory 3-Team Match Christopher Daniels
79%
2011 Sacrifice Mixed Tag Team Match Karen Jarrett
79%
2007 Destination X Scott Steiner
79%
2007 Lockdown 5 vs. 5 Lethal Lockdown Match Scott Steiner
79%
2007 Victory Road 4 Championships on the Line Tag Team Match Brother Devon
78%
2009 Against All Odds Fatal 4-Way Match Brother Devon
78%
2011 Final Resolution James Storm
78%
2012 Genesis James Storm
78%
2012 Turning Point Devon
69%
2012 Final Resolution 8-Man Tag Team Match Devon
69%
2009 Hard Justice Triple Threat Match Matt Morgan
69%
2009 No Surrender 5-Way Match Matt Morgan
69%
2009 Bound for Glory Matt Morgan
69%
2010 Against All Odds 8 Card Stud Tournament First Round Match Mr. Anderson
69%
2010 Destination X Mr. Anderson
69%
2010 Lockdown Mr. Anderson
69%
2010 Bound for Glory Triple Threat Match Mr. Anderson
69%
2011 No Surrender Mr. Anderson
69%
2009 Sacrifice 4-Way Ultimate Sacrifice Match Mick Foley
66%
2009 Slammiversary King of the Mountain Match Mick Foley
66%
2009 Victory Road Mick Foley
66%
2010 Slammiversary Kazarian
65%
2012 Slammiversary Tag Team Match Kazarian
65%
2012 No Surrender Tag Team Match Kazarian
65%
2012 Bound for Glory 3-Team Match Kazarian
65%
2007 Turning Point 6-Man Tag Team Match Eric Young
64%
2015 Bound for Glory No DQ Match Eric Young
64%
2007 No Surrender 2nd Match of the Night Jay Lethal
64%
2008 Victory Road 6-Man Tag Team Full Metal Mayhem Match Rhino
61%
2008 Final Resolution Rhino
61%
2007 Lockdown 5 vs. 5 Lethal Lockdown Match Tomko
60%
2009 No Surrender 5-Way Match Hernandez
56%
2012 Bound for Glory 3-Team Match Hernandez
56%
2014 Sacrifice Tag Team Match Ethan Carter III
53%
2007 No Surrender Tag Team Match Ron Killings
48%
2007 Slammiversary King of the Mountain Match Chris Harris
45%
2012 Final Resolution 8-Man Tag Team Match DOC
44%
2009 Turning Point Desmond Wolfe
41%
2009 Final Resolution 3 Degrees of Pain Match Desmond Wolfe
41%
2012 Final Resolution 8-Man Tag Team Match Knux (masked man)
40%
2007 No Surrender Tag Team Match Adam Pacman Jones
39%
2010 Victory Road D'Angelo Dinero
35%
2012 Bound for Glory 3-Team Match Chavo Guerrero
32%
2013 Lockdown Wes Brisco
29%
2014 Sacrifice Tag Team Match Rockstar Spud
22%
2012 Final Resolution 8-Man Tag Team Match O'Doyle (masked man)
19%
No matching quizzes found
Score Distribution
Percent of People with Each Score
Percentile by Number Answered
Your Score History
You have not taken this quiz